000
00307nam a22001217a 4500
008
140123b xxu||||| |||| 00| 0 eng d
050
_a
PR4167.V5
100
_a
Bronte, Charlotte
_9
7008
245
_a
Villette
260
_a
London
_b
Thomas Nelson
_c
no date
300
_a
570p.
_c
16cm
942
_2
lcc
_c
MONOGRAPH
999
_c
119676
_d
119676